000 00490nam a22001937a 4500
003 MPLRDC
005 20220104193704.0
008 210129b ||||| |||| 00| 0 eng d
020 _a978-962-07-4482-2
082 _a857.75 YZT-7 v.2
100 _a易中天
245 _a国家
_c
250 _a一版一刷
260 _a香港
_b商务印书馆(香港)有限公司
_c2013
300 _b
490 _a易中天中华史
650 _a中国通史
942 _cBK
_o857.75 YZT-7 v.2
999 _c65316
_d65306